|
|
|
|
| LEADER |
01115nam a2200325 a 4500 |
| 001 |
5345 |
| 003 |
BD-DhAAL |
| 005 |
20151007091824.0 |
| 008 |
151007s2009 enk 000 0 eng |
| 010 |
|
|
|a 2009012337
|
| 020 |
|
|
|a 8175541709
|
| 020 |
|
|
|a 9780749456450
|
| 020 |
|
|
|a 0749456450
|
| 040 |
|
|
|a DLC
|c DLC
|d YDX
|d DLC
|d BD-DhAAL
|
| 050 |
0 |
0 |
|a HF5718
|b .D46 2009
|
| 082 |
0 |
0 |
|a 658.4/5
|2 22
|
| 100 |
1 |
|
|a Denny, Richard.
|9 14443
|
| 245 |
1 |
0 |
|a Communicate to win /
|c Richard Denny.
|
| 246 |
1 |
4 |
|a Communicate to win :
|b learn the secrets of successful communication and presentation
|
| 250 |
|
|
|a 1st ed.
|
| 260 |
|
|
|a London ;
|a New Delhi ;
|a Philadelphia :
|b Kogan Page,
|c 2002.
|
| 300 |
|
|
|a 152 p. ;
|c 22 cm.
|
| 541 |
|
|
|e 5345
|
| 650 |
|
0 |
|a Business communication.
|9 15170
|
| 650 |
|
0 |
|a Communication.
|9 15171
|
| 650 |
|
0 |
|a Business presentations.
|9 15172
|
| 650 |
|
0 |
|a Success in business.
|9 15173
|
| 942 |
|
|
|2 ddc
|c BK
|
| 999 |
|
|
|c 35696
|d 35696
|
| 952 |
|
|
|0 0
|1 0
|2 ddc
|4 0
|6 658_400000000000000_5_DEN
|7 0
|9 56144
|a SCL
|b SCL
|c GEN
|d 2015-10-07
|g 369.00
|l 3
|m 15
|o 658.45 DEN
|p 3020005345
|r 2019-11-24
|s 2019-09-22
|t 1
|w 2015-10-07
|y BK
|